Dechema corrosion handbook

Saved in:
Bibliographic Details
Format: Book
Language:Undetermined
Published: Elsevier 2004
Subjects:
Tags: Add Tag
No Tags, Be the first to tag this record!
Institutions: Trung tâm Học liệu Trường Đại học Cần Thơ
LEADER 00428nam a2200169Ia 4500
001 CTU_105868
008 210402s9999 xx 000 0 und d
020 |c 755.55 
082 |a 620.1 
082 |b D293 
245 0 |a Dechema corrosion handbook 
260 |b Elsevier 
260 |c 2004 
650 |a Corrosion and anti 
650 |x Corrosives 
904 |i Tuyến 
980 |a Trung tâm Học liệu Trường Đại học Cần Thơ